<?xml version="1.0" encoding="UTF-8"?>
<collection xmlns="http://www.loc.gov/MARC21/slim">
  <record>
    <leader>00000nam  2200000   4500</leader>
    <controlfield tag="001">INLIS000000000016708</controlfield>
    <controlfield tag="005">20240119103454</controlfield>
    <datafield tag="035" ind1="#" ind2="#">
      <subfield code="a">0010-0124000025</subfield>
    </datafield>
    <controlfield tag="007">ta</controlfield>
    <controlfield tag="008">240119################|##########|#|##</controlfield>
    <datafield tag="084" ind1="#" ind2="#">
      <subfield code="a">R 030 PIM IV 2022</subfield>
    </datafield>
    <datafield tag="100" ind1=" " ind2="#">
      <subfield code="a">Budi Lestari</subfield>
    </datafield>
    <datafield tag="245" ind1="1" ind2="#">
      <subfield code="a">Pedoman Analisa dan Evaluasi Peraturan Perundangan-Undangan di Lingkungan Kementerian Koperasi dan Usaha Kecil dan Usaha Menengah /</subfield>
      <subfield code="c">Budi Lestari</subfield>
    </datafield>
    <datafield tag="250" ind1="#" ind2="#">
      <subfield code="a">1</subfield>
    </datafield>
    <datafield tag="260" ind1="#" ind2="#">
      <subfield code="a">Jakarta :</subfield>
      <subfield code="b">Pusbangkom Pimnas dan Manajerial ASN,</subfield>
      <subfield code="c">2022</subfield>
    </datafield>
    <datafield tag="300" ind1="#" ind2="#">
      <subfield code="a">100 halaman ;</subfield>
      <subfield code="c">30 cm</subfield>
    </datafield>
    <datafield tag="650" ind1="#" ind2="4">
      <subfield code="a">Analisa dan Evaluasi Peraturan</subfield>
    </datafield>
    <datafield tag="520" ind1="#" ind2="#">
      <subfield code="a">Pada pembentukan peraturan, tahapan pemantauan dan evaluasi mempunyai peran penting dalam mengukur, menilai dan kemanfaatan keberlakuan peraturan. Mengingat rekapitulasi data pembentukan peraturan yang diambil dari tahun 2009 hingga 2021 cukup mengalami pertumbuhan  namun sejak tahun 2020 peraturan yang dilakukan revisi atau dilakukan pencabutan dirasa kurang optimal, matrik penelaahan peraturan yang tidak seragam, kesulitan akses hasil penelaahan dan rekomendasi yang kurang dapat dipertanggungjawabkan menurut kaidah keilmuan sehingga perlu disusun panduan sebagai pegangan para pejabat fungsional dalam melakukan analisa dan evaluasi peraturan.</subfield>
    </datafield>
    <datafield tag="856" ind1="#" ind2="#">
      <subfield code="a">Perpustakaan LAN Pusat</subfield>
    </datafield>
    <datafield tag="990" ind1="#" ind2="#">
      <subfield code="a">R 030 PIM IV 2022</subfield>
    </datafield>
  </record>
</collection>
